Ghostbusters - Ray Parker Jr. - All Lyrics - Statistics

General Stats
  • This quiz has been taken 95 times
  • The average score is 183 of 238
Answer Stats
Answer % Correct
oh
98%
Ow,
98%
Ow
98%
ya
98%
you
98%
You
98%
ghost
97%
ghost,
97%
(Ghostbusters)
97%
I
97%
call?
95%
call
95%
In
95%
in
95%
Who
95%
who
95%
a
94%
gonna
94%
the
94%
some
92%
something
92%
your
92%
neighborhood
91%
there's
91%
If
89%
if
89%
strange
86%
An
84%
and
83%
Mm,
83%
no
83%
don't
78%
Don't
78%
ain't
77%
'fraid
77%
good
77%
it
77%
of
77%
look
75%
weird
75%
Ha-ha,
70%
Uh,
70%
When
59%
can
58%
Lemme
58%
bed
55%
you're
55%
feel
53%
me
53%
Yeah,
53%
yeah,
53%
yeah
53%
up
48%
makes
45%
man
45%
all
44%
Bustin'
44%
hear
44%
phone
44%
pick
44%
sleepin'
44%
invisible
42%
alone,
41%
tell
38%
seeing
36%
too
34%
things
33%
get
31%
head
31%
can't
30%
better
25%
think
25%
through
25%
likes
23%
comes
22%
just
22%
running
22%
you've
20%
a-want
19%
freaky
19%
girls
19%
more
17%
caught
16%
had
16%
Louder
16%
baby
13%
door
13%
dose
9%
Unless
9%
No matching quizzes found
Score Distribution
Percent of People with Each Score
Percentile by Number Answered
Your Score History
You have not taken this quiz